| 000 | 00705nam a2200193Ia 4500 | ||
|---|---|---|---|
| 003 | GCL | ||
| 005 | 20240530103748.0 | ||
| 008 | 140319s9999 xx 000 0 ara d | ||
| 040 |
_aGCL / _cGCL |
||
| 082 | 0 | 4 |
_a344.01 _bم ب |
| 100 | 1 | _aمحمد حسام محمود لطفى | |
| 245 | 1 | 0 |
_aبند التعويض عن الانتهاء المبتسر لعقد العمل لمدة دنيا : بند البانتوفلاج فى مجال نظم المعلومات / _cمحمد حسام محمود لطفى |
| 300 | _a450 ص | ||
| 490 |
_aكتاب _v0 |
||
| 650 | 0 | 4 | _aقوانين وتشريعات |
| 650 | 0 | 4 | _aعقود العمل |
| 650 | 0 | 4 | _aالتشريعات الاجتماعية |
| 942 |
_2ddc _cBK |
||
| 999 |
_c42275 _d42275 |
||